Normal view
MARC view
- Arpita Singh & [Guide Name] - Dr.Kirti Dharwadkar
Entry Personal Name
001 - CONTROL NUMBER
- control field: 103128
003 - CONTROL NUMBER IDENTIFIER
- control field: OSt
005 - DATE AND TIME OF LATEST TRANSACTION
- control field: 20221007220427.0
008 - FIXED-LENGTH DATA ELEMENTS
- fixed length control field: 221007|| aca||aabn | a|a d
040 ## - CATALOGING SOURCE
- Original cataloging agency: OSt
- Transcribing agency: OSt
100 ## - HEADING--PERSONAL NAME
- Personal name: Arpita Singh & [Guide Name] - Dr.Kirti Dharwadkar
670 ## - SOURCE DATA FOUND
- Source citation: Work cat.: (OSt)73152: Arpita Singh & [Guide Name] - Dr.Kirti Dharwadkar, Analysis of Octapace in Fostering The HRD Climate Of Public and Private Sector Life Insurance Companies With Respect To Pune City, Apr-15